| 000 | 00863cam a22002773a 4500 | ||
|---|---|---|---|
| 001 | 18037 | ||
| 003 | PGUSA | ||
| 005 | 20140828083402.0 | ||
| 008 | 060322s2006||||xxu|||||s|||||000 | eng d | ||
| 040 |
_aPGUSA _beng |
||
| 042 | _adc | ||
| 050 | 4 | _aG | |
| 245 | 1 | 4 |
_aThe Story of Ida Pfeiffer ; _band, Her Travels in Many Lands _h[electronic resource] / _cAnonymous |
| 260 |
_bProject Gutenberg, _c2006 |
||
| 506 | _aPublic domain in the USA. | ||
| 516 | _aElectronic text | ||
| 653 | _aMadagascar -- Description and travel | ||
| 653 | _aIceland -- Description and travel | ||
| 653 | _aSweden -- Description and travel | ||
| 653 | _aNorway -- Description and travel | ||
| 653 | _aVoyages around the world | ||
| 653 | _aPfeiffer, Ida, 1797-1858 | ||
| 830 | 0 |
_aProject Gutenberg _v18037 |
|
| 856 | 4 | 0 | _uhttp://www.gutenberg.org/ebooks/18037 |
| 942 | _cEB | ||
| 999 |
_c247292 _d247292 |
||